5. Ueber den Cordierit fünrenden Andesit vom Hoyazo (Cabo de Gata) / (Record no. 161130)

MARC details
000 -LEADER
campo de control de longitud fija 00770nam a2200193 i 4500
001 - NÚMERO DE CONTROL
campo de control 161130
003 - IDENTIFICADOR DE NÚMERO DE CONTROL
campo de control ES-MaACL
005 - FECHA Y HORA DE LA ÚLTIMA TRANSACCIÓN
campo de control 20230906212211.0
008 - DATOS DE LONGITUD FIJA--INFORMACIÓN GENERAL
campo de control de longitud fija 041019s1888 xx a |||| | ger d
040 ## - FUENTE DE CATALOGACIÓN
Centro catalogador/agencia de origen CAM
Lengua de catalogación spa
Centro/agencia transcriptor CAM
100 1# - ENTRADA PRINCIPAL--NOMBRE DE PERSONA
Nombre de persona Osann, Alfred.
9 (RLIN) 130726
245 10 - MENCIÓN DEL TÍTULO
Título 5. Ueber den Cordierit fünrenden Andesit vom Hoyazo (Cabo de Gata) /
Mención de responsabilidad, etc. von Herrn A. Osann in Heidelberg.
260 ## - PUBLICACIÓN, DISTRIBUCIÓN, ETC.
Lugar de publicación, distribución, etc. [S.l. :
Nombre del editor, distribuidor, etc. s.n.,
Fecha de publicación, distribución, etc. s.a.]
300 ## - DESCRIPCIÓN FÍSICA
Extensión P. [693]-708 :
Otras características físicas il. ;
Dimensiones 23 cm.
500 ## - NOTA GENERAL
Nota general Abdruck a.d. Zeitschr. d. Deutsch. geolog. Gesellschaft, Jahrg. 1888.
594 ## - Nota al título y mención de responsabilidad
Nota al título y mención de responsabilidad Tit. tomado de comienzo de texto.
650 #4 - PUNTO DE ACCESO ADICIONAL DE MATERIA--TÉRMINO DE MATERIA
Término de materia o nombre geográfico como elemento de entrada Geología-
Subdivisión geográfica Almería.
9 (RLIN) 144128
852 ## - LOCALIZACIÓN
Ubicación ES-MaACL
Número de control de estantería T-1104-F-4
Nota libre -- Enc. hol.
-- -- Legado de Federico de Botella y de Hornos
-- -- Enc. en un vol. facticio
Holdings
Estatus retirado Estado de pérdida Estado de daño No para préstamo Colección Biblioteca de origen Biblioteca actual Ubicación en estantería Fecha de adquisición Total de préstamos Signatura topográfica completa Código de barras Visto por última vez Precio de reemplazo Tipo de ítem Koha
        Colección de folletos Biblioteca del Ateneo de Madrid Biblioteca del Ateneo de Madrid Depósito folletos 17/01/2008   T-1104-F-4 1168769 23/02/2023 23/02/2023 Folleto